| 000 | 00751nam a2200205 i 4500 | ||
|---|---|---|---|
| 001 | 189225 | ||
| 003 | ES-MaACL | ||
| 005 | 20240104173935.0 | ||
| 008 | 190429s2016 sp |||| | spa d | ||
| 020 | _a978-84-946273-2-3 | ||
| 100 | 1 |
_aChacón Sanchidrián, Rubén. _9166913 |
|
| 245 | 1 | 0 |
_aReflexiones de película _b: el cine como excusa para pensar / _cRubén Chacón Sanchidrián. |
| 260 |
_a[Guadalajara] : _bLápizCero, _c[2016] |
||
| 300 |
_a217 p. : _bil. ; _c21 cm. |
||
| 650 | 4 |
_aCine- _xFilosofía. _9166914 |
|
| 852 |
_aES-MaACL _jA-14514 _9196363 _bR.152678 _cDEPO1 _dOlim: N-7514 _hDonación: Rubén Chacón Sanchidrián |
||
| 903 |
_9166913 _aChacón Sanchidrián, Rubén _ednr |
||
| 942 |
_2udc _cMONOGRAFIA |
||
| 999 |
_c189225 _d189225 |
||